<?xml version="1.0" encoding="UTF-8"?><?xml-stylesheet type="text/xsl" href="static/style.xsl"?><OAI-PMH xmlns="http://www.openarchives.org/OAI/2.0/" xmlns:xsi="http://www.w3.org/2001/XMLSchema-instance" xsi:schemaLocation="http://www.openarchives.org/OAI/2.0/ http://www.openarchives.org/OAI/2.0/OAI-PMH.xsd"><responseDate>2026-04-17T02:35:45Z</responseDate><request verb="GetRecord" identifier="oai:www.recercat.cat:2445/166779" metadataPrefix="marc">https://recercat.cat/oai/request</request><GetRecord><record><header><identifier>oai:recercat.cat:2445/166779</identifier><datestamp>2025-12-05T10:31:02Z</datestamp><setSpec>com_2072_1057</setSpec><setSpec>col_2072_478770</setSpec><setSpec>col_2072_478917</setSpec></header><metadata><record xmlns="http://www.loc.gov/MARC21/slim" xmlns:dcterms="http://purl.org/dc/terms/" xmlns:xsi="http://www.w3.org/2001/XMLSchema-instance" xmlns:doc="http://www.lyncode.com/xoai" xsi:schemaLocation="http://www.loc.gov/MARC21/slim http://www.loc.gov/standards/marcxml/schema/MARC21slim.xsd">
   <leader>00925njm 22002777a 4500</leader>
   <datafield ind2=" " ind1=" " tag="042">
      <subfield code="a">dc</subfield>
   </datafield>
   <datafield ind2=" " ind1=" " tag="720">
      <subfield code="a">Frigolé, Joan, 1943-</subfield>
      <subfield code="e">author</subfield>
   </datafield>
   <datafield ind2=" " ind1=" " tag="260">
      <subfield code="c">2020-06-26T11:38:51Z</subfield>
   </datafield>
   <datafield ind2=" " ind1=" " tag="260">
      <subfield code="c">2020-06-26T11:38:51Z</subfield>
   </datafield>
   <datafield ind2=" " ind1=" " tag="260">
      <subfield code="c">1980</subfield>
   </datafield>
   <datafield ind2=" " ind1=" " tag="260">
      <subfield code="c">2020-06-26T11:38:52Z</subfield>
   </datafield>
   <datafield ind2=" " ind1=" " tag="520">
      <subfield code="a">El debat que mantingueren Dumont i Srinivas sobre les característiques sociològiques del sistema de castes i la comunitat aldeana a l'India, i sobre quin dels dos ha d'ésser considerat com l'objecte primari d'investigació, resulta il·luminador en el moment de plantejar-se el tema de l'objecte i de la unitat d'investigació i anàlisi a la Península Ibèrica. Tant Dumont com Srinivas reaccionen davant de la imatge de la comunitat aldeana índia com a 'república autònoma' en l'aspecte polític, una unitat autàrquica en l'aspecte econòmic, i igualitària en el nivell social. Aquesta és un tipus d'imatge històrica elaborada pels administradors britànics i els mes conspicus intel·lectuals europeus del segle passat. Es una imatge persistent que ha influït en els investigadors posteriors, els antropòlegs inclosos, que van confondre aquesta imatge estereotipada amb la realitat.</subfield>
   </datafield>
   <datafield tag="653" ind2=" " ind1=" ">
      <subfield code="a">Antropologia</subfield>
   </datafield>
   <datafield tag="653" ind2=" " ind1=" ">
      <subfield code="a">Península Ibèrica</subfield>
   </datafield>
   <datafield tag="653" ind2=" " ind1=" ">
      <subfield code="a">Anthropology</subfield>
   </datafield>
   <datafield tag="653" ind2=" " ind1=" ">
      <subfield code="a">Iberian Peninsula</subfield>
   </datafield>
   <datafield ind2="0" ind1="0" tag="245">
      <subfield code="a">El problema de la delimitació de l'objecte d'investigació i anàlisi en Antropologia. Crítica d'alguns models emprats per a l'estudi de la Península Ibèrica</subfield>
   </datafield>
</record></metadata></record></GetRecord></OAI-PMH>